Регионална библиотека "Любен Каравелов" - Русе

Раждането на планините (Запис номер 174575)

MARC детайли
000 -Лидер
Контролно поле с фиксирана дължина nam a22 a 4500
003 - Код на организацията, давaща контролен номер
Контролно поле BLK
005 - Дата и час на последна редакция
Контролно поле 20220629151644.0
008 - Елементи от данни с фиксирана дължина
fixed length control field 180411b bul|||||r ||||||| ||bul||
010 ## - Наследен системен номер
LC control number KNG00183067000
040 ## - Източник на каталожния запис
Идентификатор на билиотеката - собственик на записа BLK
041 ## - Код за език
Код за езика на текст/звукозапис или на отделно заглавие Български
Код за езика КДБФ Български
080 ## - УДК
Текстов определител УДК Форми на релефа, създадени от най-новите движения и вулканически процеси. Планини и платформени равнини - Планински релеф на геосинклинални области, на активизирани платформи, вулканичен релеф, р
УДК код - определител по УДК 551.432
УДК определител (02.062)
УДК - код + определител 551.432(02.062)
100 1# - Редна дума - Автор
Автор Цанков, Цанко Василев
Авторска отговорност първи автор
R(LIN) 370801
139 ## - Редно поле
Редна дума Цанков, Цанко Василев
Авторски знак Цанк - Ц 17
245 10 - Сведения за заглавието
Заглавие Раждането на планините
Редно поле (дума) Цанко Василев Цанков.
257 ## - Страна на издаване
Страна на създаване/издаване България
260 ## - Област на издателските данни
Име на издателя, разпространителя и проч. Наука и изкуство
Година на издаване 1971
Печатница Плевен : Ал. Пъшев
Място на издаване, разпространение и проч. София
300 ## - Физическа характеристика
Страници 108 с.
Илюстрации и др. с ил., портр., к. + 1 л. к.
Размери/Мащаб 21 см
380 ## - Жанр
Жанр Естествени науки. Математика
490 ## - СЕРИИ (Колекции)
Име на серия Библиотека Геология и биология
9 (RLIN) 206199
650 #4 - Допълнително описание по предмет – тема
Основно описание – тема или топоним Планини - популярна литература
9 (RLIN) 255498
650 #4 - Допълнително описание по предмет – тема
Основно описание – тема или топоним Планини - България
9 (RLIN) 261565
852 ## - Местоположение
Форматна сигнатура Цб 59312
856 4# - Електронен адрес и достъп
Електронен формат pdf - файл
856 4# - Електронен адрес и достъп
Електронен формат pdf - файл
999 ## - СИСТЕМНИ КОНТРОЛНИ НОМЕРА
Koha biblionumber 174575
Koha biblioitemnumber 174575
942 ## - АРТИКУЛИ
Вид на библиотечния материал Книги
Скрит в OPAC Не
Периодичен библиозапис Да
944 ## - СЪЗДАВАНЕ И РЕДАКЦИЯ на ЗАПИСА
Създаване/Редакция Създаване
Дата на регистрацията/редакция 01.10.2015
Служител, извършил регистрацията/редакцията Кети_Илиева
944 ## - СЪЗДАВАНЕ И РЕДАКЦИЯ на ЗАПИСА
Създаване/Редакция Редакция
Дата на регистрацията/редакция 21.09.2017
Служител, извършил регистрацията/редакцията Наталия_Любомирова
999 ## - СИСТЕМНИ КОНТРОЛНИ НОМЕРА
Koha biblioitemnumber 174575
Наличности
Код за отписване Код за изгубен артикул Източник на класификационната схема Код за повреда Коз за рестрикции Код за отдаване Артикулен № Име на библиотеката - собственик Име на библиотеката, в която се намира в момента Статус (Текущо местоположение) Дата на вписване в системата Местоположение - отдел Цена в лева Инвентарен номер Систематично азбучна сигнатура Баркод Номер на екземпляра Цена в евро Служебна бележка Служебен тип на артикула Бележка за публиката
  Не е изгубен Universal Decimal Classification Не е повреден без рестрикции ползва се в читалня 299801 Регионална библиотека "Любен Каравелов" Русе Регионална библиотека "Любен Каравелов" Русе Хранилище 1971-01-01 Хранилище 0.46 99140 Цб 59312 120000099140 1 0.24 Вид: Сф Дата: 01.01.1971 Книги  
Изтеглен Не е изгубен   Не е повреден без рестрикции заемане за дома 299802 Регионална библиотека "Любен Каравелов" Русе Регионална библиотека "Любен Каравелов" Русе   1971-01-01 Заемна - подръчен фонд 0.46 105773 П 551.4/Ц 17 105773 2 0.24 Вид: Сф Дата: 01.01.1971 Книги Отч.N: 24/2018 , Дата: 26.03.2018
Изтеглен Не е изгубен Universal Decimal Classification Не е повреден без рестрикции заемане за дома 299803 Регионална библиотека "Любен Каравелов" Русе Регионална библиотека "Любен Каравелов" Русе Заемна - подръчен фонд 1971-01-01 Заемна - подръчен фонд 0.46 643307 П 551.4/Ц 17 643307 3 0.24 Вид: Сф Дата: 01.01.1971 Книги  
Изтеглен Не е изгубен   Не е повреден без рестрикции заемане за дома 299804 Регионална библиотека "Любен Каравелов" Русе Регионална библиотека "Любен Каравелов" Русе   1971-01-01 Детски отдел 0.46 98734 ДН 55/Ц 17 98734 4 0.24 Вид: Сф Дата: 01.01.1971 Дата инв: 01.10.2015 Бележки инв: Д2015 Книги Отч.N: 38/2017 , Дата: 07.09.2017
Vip Innovations Ltd, Rousse, Bulgaria 2025